000 01223cab a2200361 4500
001 ABS54161
008 090401t1995 xxu||||| |||| 00| 0 eng d
035 _a(Sirsi) u8847
041 _aeng
245 _aFocus `95: public sector
260 _c1995
350 _a0
490 _aEstates Gazette
_v(9549) 9 December 1995, 105-116(7)
520 _aReports on the wind-up of the urban development corporations and what they have achieved, how the property industry has been quick to take advantage of the changes in county boundaries, and the MoD`s disposal of land and what it means for the property market, and the areas where it occurs.
650 _aBOUNDARY CHANGES
650 _aContamination
_96231
650 _aCOUNTY BOUNDARIES
650 _aDEFENCE LAND
650 _aLAND DISPOSAL
650 _aLINCOLNSHIRE
650 _aLOCAL GOVERNMENT REORGANISATION
650 _aMINISTRY OF DEFENCE
650 _aPROPERTY MARKET
650 _aPROPERTY SALES
650 _aSURPLUS LAND
650 _aURBAN DEVELOPMENT CORPORATIONS
650 _aURBAN REGENERATION
690 _aPROPERTY-PROPERTY DEVELOPMENT
690 _aLAND
690 _aURBAN RENEWAL
942 _n0
948 _c04/03/1997
999 _c5479
_d5479